|
|
|
|
| LEADER |
00843nam a22002417a 4500 |
| 001 |
AAL4534 |
| 003 |
BD-DhAAL |
| 005 |
20160113203131.0 |
| 008 |
160113m20032001ii a|||| b||| 001 0 eng d |
| 020 |
|
|
|a 817248776
|
| 040 |
|
|
|a BD-DhAAL
|c BD-DhAAL
|
| 082 |
|
|
|a 658.3
|
| 245 |
|
|
|a How to manage people /
|c E.A. Sturgis Hiller
|
| 260 |
|
|
|a Mumbai :
|b Jaico Pblishing House,
|c 2003.
|
| 300 |
|
|
|a xiii, 375 p. :
|b ill. ;
|c 25 cm.
|
| 504 |
|
|
|6 Includes bibliography and index.
|
| 541 |
|
|
|e 4534
|
| 650 |
|
|
|a Personnel management.
|9 17362
|
| 650 |
|
|
|a Business firms
|x Personnel management
|9 17363
|
| 700 |
|
|
|a Hiller, E.A. Sturgis
|9 17364
|
| 942 |
|
|
|2 ddc
|c BK
|
| 999 |
|
|
|c 36611
|d 36611
|
| 952 |
|
|
|0 0
|1 0
|2 ddc
|4 0
|6 658_300000000000000_HOW
|7 0
|9 57600
|a SCL
|b SCL
|c GEN
|d 2016-01-13
|g 295.00
|l 4
|m 6
|o 658.3 HOW
|p 3020004534
|r 2025-09-10
|s 2025-09-10
|t 1
|w 2016-01-13
|y BK
|